Autovegetatívne množenie listnatých drevín odrezkami

Bibliographic Details
Main Author: Sarvaš, Milan (Author)
Format: Article
Language:Slovak
PhysicalDescription:Tab.
ISSN:0323-1046
Subjects:

MARC

LEADER 00000nab a2200000 a 4500
001 vtls000724584
003 SK-MaSNL
005 20260304104516.0
008 250429c1998 xo 0 slo
015 |a SNBRB2000/06-15150 
035 |a CLN000076748 
035 |a urn:nbn:sk:snk-abjvg 
035 |a (urnnbn)urn:nbn:sk:snk:ar-0058ct 
035 |a (uuid)c924b858-3ee3-44f7-84c5-5fc6959a08a8 
040 |a SNKBUCL  |b slo  |c SNKBUCL  |e AACR2 
041 0 |a slo 
044 |a xo  |c SK 
080 |a 630 232  |2 1997 
100 1 |a Sarvaš, Milan  |4 aut  |9 17841 
245 1 0 |a Autovegetatívne množenie listnatých drevín odrezkami  |c Milan Sarvaš 
300 |b Tab. 
504 |a Res. angl. 
504 |a Bibliogr. odkazy 
650 0 7 |a vegetatívne rozmnožovanie rastlín  |2 SNKPH  |9 30943 
650 0 7 |a listnaté dreviny  |2 SNK  |9 67406 
650 0 7 |a odrezky rastlín  |2 SNK  |9 629573 
655 7 |a články z novín a časopisov  |2 SNK  |9 267496 
773 0 |t Lesnícky časopis  |g Roč. 44, č. 6 (1998), s. 515-523  |x 0323-1046 
850 |a Slovenská národná knižnica 
852 |a Slovenská národná knižnica 
954 |a odborná, vedecká literatúra pôvodná (slovenská)  |2 lita 
958 |a article2022 
958 |a OND 
958 |a NB 
958 |a EUIPO 
992 |a RBX 
999 |c 2851921  |d 2853851